Openings Anime les plus cultes - Statistiques

Statistiques générales
  • Ce quiz a été pris 697 fois
  • Le résultat moyen est 7 sur 30
Statistiques - réponses
Réponse % Correct
Blue Bird
79%
We are
74%
Silhouette
45%
Shinzou wo Sasageyo
44%
We go
39%
Unravel
37%
CHA LA HEAD CHA LA
35%
Gurenge
31%
Departure
27%
The Day
21%
Sign
20%
Crossing Field
19%
Guren no Yumiya
18%
The World
18%
Again
17%
Snow Fairy
17%
Bloody Stream
15%
Colors
15%
Cry Baby
14%
Ranbu no Melody
13%
Inferno
11%
Sono Chi no Sadame
9%
A Cruel Angel's Thesis
8%
Hikaru Nara
7%
Odd Future
7%
This Game
7%
Crying for Rain
6%
Sakura Mitsutsuki
3%
My Soul Your Beats
2%
Kaikan Kitan
1%
Aucun quiz correspondant
Distribution des résultats
% des personnes avec chaque résultat
Percentile par nombre de réponses
Votre historique - résultats
Vous n’avez pas pris ce quiz